000 00509nam a2200181Ia 4500
005 20240604071319.0
008 240331s9999 xx 000 0 und d
020 _a9789555801157
082 _bPER
_a362
100 _aPerera-Rajasingha,N.P
245 0 _aFeminist engagements with violence :
_bcontingent moments from Sri Lanka
260 _aColombo
_bInternational Centre for Ethnic Studies
_c2007
300 _a208, p .,
650 _aFeminist
650 _aHuman Rights
650 _aGender
942 _cL
999 _c2464
_d2464